| 000 | 015150000a22004450004500 | ||
|---|---|---|---|
| 003 | LK-CoMWRAF | ||
| 008 | 230817t ||||| |||| 00| 0 eng d | ||
| 040 |
_aLK-CoMWRAF _dLK-CoMWRAF _eLK-CoMWRAF |
||
| 041 | _aeng | ||
| 082 |
_a743 _bCEY |
||
| 245 |
_aThe Ceylon Muslim Scholarship Fund _b |
||
| 260 |
_b _a _c1954 |
||
| 300 | _ap.214 | ||
| 650 | _aAllama Yusuf Ali by S.M. Fossil | ||
| 650 | _aAllama Yusuf Ali, Indian and Islamic Publicist | ||
| 650 | _aChairman's Report | ||
| 650 | _aCMSF 10th Ramazan Appeal Appreciations the late M.H.A. Aziz | ||
| 650 | _aCMSF Office-bearers & Staff, 1954 | ||
| 650 | _aCMSF Religious knowledge (Islam) Examination | ||
| 650 | _aCMSF the Board of Trustees | ||
| 650 | _aCommentaries on the Qur'an | ||
| 650 | _aEducation | ||
| 650 | _aEducational needs of the Muslims | ||
| 650 | _aExtracts from the Presidential Address of Allama Yusuf Ali by Dr.S.M. Yusuf | ||
| 650 | _aList of Contributors | ||
| 650 | _aMoral Education: Aims and Methods | ||
| 650 | _aOrdinance No. 19 of 1946 | ||
| 650 | _aOur Benefactors | ||
| 650 | _aPersonality of man | ||
| 650 | _aRules of the CMSF | ||
| 650 | _aThe Balance Sheets | ||
| 650 | _aThe Beauties of the Holy Quran | ||
| 650 | _aThe Board of Trustees | ||
| 650 | _aThe Idea of God in Islam | ||
| 650 | _aThe Muslim Youths in Ceylon | ||
| 650 | _aThe Religious Polity of Islam | ||
| 650 | _aTranslations of the Qur'an by Allama Yusuf Ali | ||
| 650 | _aYusuf Ali 's Holy Qur'an | ||
| 942 | _cBK | ||
| 999 |
_c2010 _d2010 |
||